000 01023nam a2200241 a 4500
001 62483
003 BD-RjUL
005 20211209081106.0
008 170124s1970 bg ||||| |||| 00| 0 ben d
020 _c: Tk. 3.00
035 _a(BD-RjUL)62609
040 _aBD-RjUL
_beng
_cBD-RjUL
041 _aeng
082 _a328.73
_bHAM 1970
100 _aহ্যারিস, যোসেফ পি.
_9185779
245 1 0 _aমার্কিন কংগ্রেস ও আইনপ্রণয়ন পদ্ধতি /
_cযোসেফ পি. হ্যারিস ; অনুবাদ : মীজানুর রহমান
260 _aঢাকা :
_bখোশরোজ কিতাব মহল,
_c১৯৭০
300 _a[৬], ১৭১ পৃ. ;
_c২৩ সেমি.
651 _aযুক্তরাষ্ট্র
_xকংগ্রেস
_9185780
651 _aUnited States
_xCongress.
_9185781
700 _aরহমান, মীজানুর, অনুবাদক
_9185782
942 _2ddc
_cBK
999 _c62483
_d62483